000 00284nam a2200121Ia 4500
008 190216s9999||||xx |||||||||||||| ||und||
100 _aGopala Sharma Shashthri
245 0 _aHindi-Sreerama Geethanjali
260 _bSreeramakrishna
300 _a174
650 _aHindi
942 _cBK
999 _c16407
_d16407